Отрезвление. №12, Вып.47: Почему Максим Кулага бросил пить (Запись № 3895052)

Подробности
000 -МАРКЕР
контрольное поле 00947nam2a22002531 4500
001 - ИДЕНТИФИКАТОР ЗАПИСИ
контрольное поле RU\NLR\INFOCOMM4\1000588214
005 - ИДЕНТИФИКАТОР ВЕРСИИ
контрольное поле 20250617141054.0
035 ## - ДРУГИЕ СИСТЕМНЫЕ НОМЕРА
Идентификатор записи (NLR Aleph) 002653834
100 ## - ДАННЫЕ ОБЩЕЙ ОБРАБОТКИ
Данные общей обработки 20040621d1914 |||y0rusy50 ca
101 0# - ЯЗЫК РЕСУРСА
Язык текста, звукозаписи и т.д. русский
102 ## - СТРАНА ПУБЛИКАЦИИ ИЛИ ПРОИЗВОДСТВА
Страна публикации Российская Федерация
105 ## - ПОЛЕ КОДИРОВАННЫХ ДАННЫХ: ТЕКСТОВЫЕ МАТЕРИАЛЫ, МОНОГРАФИЧЕСКИЕ
Кодированные данные о монографическом текстовом документе y |||||||||
200 1# - ЗАГЛАВИЕ И СВЕДЕНИЯ ОБ ОТВЕТСТВЕННОСТИ
Основное заглавие Почему Максим Кулага бросил пить
Первые сведения об ответственности Е. В. Матвеева
210 ## - ПУБЛИКАЦИЯ, РАСПРОСТРАНЕНИЕ И ДР.
Дата издания, распространения и т.д. 1914
Место издания, распространения и т.д. Б. м.
461 #0 - УРОВЕНЬ НАБОРА
Встроенное поле 001RU\NLR\INFOCOMM4\1000588167
-- 2001#$aОтрезвление$eЕженед. нар. журнал$v№12, Вып.47
Системный номер (АБИС) связанной записи 3894650
Место публикации СПб.
Дата публикации 1914
Имя издателя, распространителя и т.д. С. А. Володимеров и М. Л. Плетнев
Сведения, относящиеся к заглавию Еженед. нар. журнал
Заглавие Отрезвление
Номер тома №12, Вып.47
700 #1 - ИМЯ ЛИЦА - ПЕРВИЧНАЯ ОТВЕТСТВЕННОСТЬ
Начальный элемент ввода Матвеева
Часть имени, кроме начального элемента ввода Е. В.
Код отношения Автор
801 #1 - ИСТОЧНИК ЗАПИСИ
Страна Российская Федерация
Организация InfoComm
Дата составления 20040621
801 #0 - ИСТОЧНИК ЗАПИСИ
Страна Российская Федерация
Организация NLR
Правила каталогизации PSBO
852 ## - МЕСТОНАХОЖДЕНИЕ И ШИФР ХРАНЕНИЯ
Идентификатор организации NLR
Шифр хранения (Call Number) 3/2123
942 ## - ДОПОЛНИТЕЛЬНЫЕ ЭЛЕМЕНТЫ ЗАПИСИ (АБИС)
Тип экземпляра АБИС Выпуск
980 ## - КОЛЛЕКЦИЯ
Название коллекции Национальная библиография
980 ## - КОЛЛЕКЦИЯ
Название коллекции Русская периодика

Нет доступных экземпляров.